|
|
|
|
| LEADER |
00000nam0a2200000 4500 |
| 001 |
361627 |
| 005 |
20240520122254.0 |
| 035 |
|
|
|a (RuTPU)RU\TPU\retro\18959
|
| 090 |
|
|
|a 361627
|
| 100 |
|
|
|a 20210625d1889 m y0poly50 ba
|
| 101 |
0 |
|
|a pol
|
| 102 |
|
|
|a PL
|
| 105 |
|
|
|a y z 001zy
|
| 181 |
|
0 |
|b e
|
| 182 |
|
0 |
|a n
|
| 183 |
|
0 |
|a nc
|2 RDAcarrier
|
| 200 |
1 |
|
|a O metodzie teleologiczneg Hoene-Wronskiego rozwiazywania rownan algebraicznych
|f S. Dickstein
|e отдельный оттиск
|
| 210 |
|
|
|a Krakow
|c Drukarnia uniwersytetu Jagiellonskiego
|d 1889
|
| 215 |
|
|
|a 28 s.
|
| 225 |
1 |
|
|a Rozpr. i Spraw. Wydz. matem.-przyr. Akad. Umiejetn
|v T. 19
|
| 283 |
|
|
|a volume
|
| 300 |
|
|
|a В описании используется грамматика 19 века
|
| 316 |
|
|
|5 63413507: 11136
|a На титульном листе дарственная надпись: "[нрзб] A. Zbikovskii. Autr. Warszawa. 4/II 89"
|
| 317 |
|
|
|5 63413507: 11136
|a Поступил в НТБ в 1910 г. в дар от сына А. К. Жбиковского преподавателя ТТИ С. А. Жбиковского
|
| 320 |
|
|
|a Bibliografia w odnosnikach
|
| 541 |
1 |
|
|a О телеологическом методе Хёне-Вронского решения алгебраических уравнений
|z rus
|
| 606 |
1 |
|
|a Алгебраические уравнения
|x Решение
|x Численные методы
|2 stltpush
|3 (RuTPU)RU\TPU\subj\1744
|9 30444
|
| 606 |
1 |
|
|a Математика
|x Философские проблемы
|2 stltpush
|3 (RuTPU)RU\TPU\subj\41191
|9 61003
|
| 610 |
1 |
|
|a телеологические воззрения
|
| 610 |
1 |
|
|a философские воззрения
|
| 610 |
1 |
|
|a полиноминальные уравнения
|
| 610 |
1 |
|
|a многочлены
|
| 610 |
1 |
|
|a вычисления
|
| 610 |
1 |
|
|a Коллекция С. А. Жбиковского
|
| 610 |
1 |
|
|a дарственные надписи
|
| 610 |
1 |
|
|a дары автора
|
| 610 |
1 |
|
|a польский язык
|
| 675 |
|
|
|a 519.61
|v 4
|
| 675 |
|
|
|a 51:1
|v 4
|
| 700 |
|
1 |
|a Dickstein
|b S.
|
| 801 |
|
1 |
|a RU
|b 63413507
|c 20210625
|
| 801 |
|
2 |
|a RU
|b 63413507
|c 20210720
|g RCR
|
| 942 |
|
|
|c BK
|